000
00207 a2200097 4500
001
47363
100
_a
Biderman A
245
_a
March to calumny
260
_a
New York
_b
Macmillan
_c
090
_c
30398
_d
30398
942
_a
NUST-CAE
_c
M
_c
22667
999
_c
282436
_d
282436